书目信息 |
| 题名: |
美国教育改革
|
|
| 作者: | 张斌贤 著 | |
| 分册: | ||
| 出版信息: | 北京 中国人民大学出版社 2019.06 |
|
| 页数: | 293页 | |
| 开本: | 24cm | |
| 丛书名: | 当代中国教育学人文库 | |
| 单 册: | ||
| 中图分类: | G571.29 | |
| 科图分类: | ||
| 主题词: | 教育改革--jiao yu gai ge--教育史--研究--美国--1890-1920 | |
| 电子资源: | ||
| ISBN: | 978-7-300-26994-8 | |
| 000 | 01568nam 2200289 450 | |
| 001 | 0105143335 | |
| 005 | 20201105143351.0 | |
| 010 | @a978-7-300-26994-8@dCNY65.00 | |
| 100 | @a20190731d2019 em y0chiy50 ea | |
| 101 | 0 | @achi |
| 102 | @aCN@b110000 | |
| 105 | @ay az 000yy | |
| 106 | @ar | |
| 200 | 1 | @a美国教育改革@Amei guo jiao yu gai ge@e1890-1920年@f张斌贤等著 |
| 210 | @a北京@c中国人民大学出版社@d2019.06 | |
| 215 | @a293页@d24cm | |
| 225 | 2 | @a当代中国教育学人文库@Adang dai zhong guo jiao yu xue ren wen ku |
| 300 | @a国家出版基金项目 | |
| 314 | @a张斌贤,男,北京师范大学教育学部历史与文化研究院教授。现兼任全国教育专业学位研究生教育指导委员会秘书长、教育部高校教学指导委员会(教育学类)副主任委员、中国教育学会教育史分会理事长、中国高等教育学会教师教育分会副理事长兼秘书长等。主要著作包括《外国教育史》、《西方教育思想史》(修订)、《迎接工业化的挑战:美国职业教育运动研究》等。 | |
| 320 | @a有书目(第268-282页) | |
| 330 | @a本书是张斌贤所领导的团队近年研究成果的重要呈现。本书在充分研究历史文献和广泛借鉴相关学科研究成果的基础上,探讨了美国教育变革的社会条件和思想基础、儿童观念的变迁及其对教育产生的深刻影响、新型学校实验的兴起、中学课程改革以及中等教育制度的重建等主题,对进步主义时期美国教育变革的主要方面进行了较为完整的梳理、分析和挖掘,是近年来国内为数不多的美国教育的断代史研究成果。 | |
| 461 | 0 | @12001 @a当代中国教育学人文库 |
| 606 | 0 | @a教育改革@Ajiao yu gai ge@x教育史@x研究@y美国@z1890-1920 |
| 690 | @aG571.29@v5 | |
| 701 | 0 | @a张斌贤@Azhang bin xian@4著 |
| 801 | 0 | @aCN@bBJSZM@c20201105 |
| 905 | @b1263057-8@dG571.29@e101@f2 | |
| 美国教育改革:1890-1920年/张斌贤等著.-北京:中国人民大学出版社,2019.06 |
| 293页;24cm.-(当代中国教育学人文库) |
| 国家出版基金项目 |
| ISBN 978-7-300-26994-8:CNY65.00 |
| 本书是张斌贤所领导的团队近年研究成果的重要呈现。本书在充分研究历史文献和广泛借鉴相关学科研究成果的基础上,探讨了美国教育变革的社会条件和思想基础、儿童观念的变迁及其对教育产生的深刻影响、新型学校实验的兴起、中学课程改革以及中等教育制度的重建等主题,对进步主义时期美国教育变革的主要方面进行了较为完整的梳理、分析和挖掘,是近年来国内为数不多的美国教育的断代史研究成果。 |
| ● |
| 相关链接 |
|
|
|
|
正题名:美国教育改革
索取号:G571.29/101
 
预约/预借
| 序号 | 登录号 | 条形码 | 馆藏地/架位号 | 状态 | 备注 |
| 1 | 1263057 | 212630571 | 第一样本阅览室/ [索取号:G571.29/101] | 在馆 | |
| 2 | 1263058 | 212630580 | 第四借阅区/ [索取号:G571.29/101] | 在馆 |